Objetivos poéticos no Identificados, O.P.N.I : Jóvenes poetas de Cúcuta /
保存先:
| その他の著者: | , , |
|---|---|
| フォーマット: | 図書 |
| 言語: | Spanish |
| 出版事項: |
Cúcuta, Colombia :
Ediciones Piratas de Calidad,
2002.
|
| 主題: | |
| タグ: |
タグ追加
タグなし, このレコードへの初めてのタグを付けませんか!
|
MARC
| LEADER | 00000nam a22000007a 4500 | ||
|---|---|---|---|
| 008 | 180219b xxu||||| |||| 00| 0 spa d | ||
| 040 | |a CIICLA-UCR |b spa | ||
| 041 | 0 | |a spa |b spa | |
| 082 | 0 | 4 | |a C861.08 |b O14o |
| 245 | 0 | 0 | |a Objetivos poéticos no Identificados, O.P.N.I : |b Jóvenes poetas de Cúcuta / |c Compilación de Saúl Gómez Mantilla ; selección de Javier Bosch Fossi ; Ilustraciones de Julian Morinelli. |
| 260 | 1 | |a Cúcuta, Colombia : |b Ediciones Piratas de Calidad, |c 2002. | |
| 300 | |a 92 páginas : |b ilustraciones en gris ; |c 21 cm. | ||
| 500 | |a Premios Regionales de Literatura | ||
| 500 | |a Incluye poemas de Juan Carlos Álvarez, Javier Cortéz, Marcela Cruz Torres, Manuel Yesid Duarte Jeréz, Saúl Humberto Gómez Mantilla, Édgar Abel Parra, Paul David Pinzón, Mauricio Rangel, Isaías Romero Pacheco, Juan Carlos Silva y Liliana Yaneth Varón Villamiza. | ||
| 500 | |a Donación Adriano Corrales | ||
| 650 | 1 | 0 | |9 212 |a LITERATURA COLOMBIANA |v POESÍA |
| 650 | 1 | 0 | |a POESÍA COLOMBIANA |v ANTOLOGÍAS |
| 700 | 1 | |a Gómez Mantilla, Saúl |e compilador | |
| 700 | 1 | |a Bosch Fossi, Javier |e seleccionador. | |
| 700 | 1 | |a Morinelli, Julián |e ilustrador. | |
| 942 | |2 ddc |c BK | ||
| 999 | |c 21849 |d 21849 | ||
